Laufey music video - Statistics

General Stats
  • This quiz has been taken 13 times
  • The average score is 9 of 11
Answer Stats
Answer % Correct
From The Start
100%
Goddess
100%
Madwoman
100%
Bewitched
89%
Lover Girl
89%
Silver Lining
89%
A Night To Remember
78%
Everything I Know About Love
78%
Santa Baby
78%
Snow White
78%
Fragile
67%
No matching quizzes found
Score Distribution
Percent of People with Each Score
Percentile by Number Answered
Your Score History
You have not taken this quiz